00622 2200265 4500001002100000008004100021035002000062245007600082100002100158110000600179250000600185260003900191300001900230020001800249022000600267024000600273084001400279520000600293082000800299650001600307863000600323990000900329990000900338990000900347INLIS000000000001762 ind  a0010-0421000044 aNata de Coco Usaha Prospektif Masa DepanbNata DecococHayati, Marlinda aHayati, Marlinda a0 a2 aSurabayabPilar Bambu Kuningc2006 a132hal,c,21cm a979-9410-10-X a0 a0 a664 HAY n a0 a664 aNata Decoco a0 a3504 a3504 a3504